000 00448cam a2200193ua 4500
001 3922
005 20260515113743.0
008 111209n ii |||gr||||Z||||||asm
040 _cMAIN
082 _a891.4511
100 1 _aAli, Ferajot,
245 1 1 _aMatir chaki
_cby Ferajot Ali
250 _a1st.
260 _aDibrugarh:
_bPrabitra kr. Gogoi,999.
300 _a27p:
_c23cm.
653 _aAssamese poem
653 _aMatir chaki
942 _cBK
999 _c3742
_d3742